000 00713nam a2200217 a 4500
003 Ost
005 20230719094729.0
008 190322s1977 dr r 000 0 spa d
040 _aBPMSU
_bspa
_cBPMSU
082 4 _a987.04
_bB742B
_222
100 1 _aBosch, Juan,
_d1909-2001
_91
245 1 0 _aBolívar y la guerra social /
_cJuan Bosch
260 _aSanto Domingo :
_bEditora Alfa y Omega
_c1977
_b
300 _a201 p. ;
_c20 cm.
590 _6Inventariado, 2023/VM
600 4 _aBolívar, Simón,
_d1783-1830
651 4 _aVenezuela
_xHistoria
_yGuerra de Independencia, 1810-1823
710 2 _aMinisterio de Cultura (República Dominicana)
910 _aVMateo V. Control de calidad. BPMSU
942 _2ddc
_cBK
999 _c14430
_d14430